| 000 | 00550nam a22001817a 4500 | ||
|---|---|---|---|
| 003 | Ost | ||
| 005 | 20250407085217.0 | ||
| 008 | 250404b |||||||| |||| 00| 0 eng d | ||
| 020 | _a9780767922715 | ||
| 040 | _cBT-PhCST | ||
| 050 | _a4641 | ||
| 082 |
_222 _a371.3 _bNew |
||
| 100 | _aNewport, Cal. | ||
| 245 |
_aHow to become a straight student : _bthe unconventional strategies real college students use to score high while studying less / |
||
| 260 |
_aNew York : _bRandom House, _cc2007. |
||
| 300 |
_avi, 214 p. : _bill. ; _c20 cm. |
||
| 942 |
_2ddc _cF |
||
| 999 |
_c9990 _d9990 |
||